000
00326nam a2200145Ia 4500
005
20251222141833.0
008
251222s9999||||xx |||||||||||||| ||spa||
020
_a
8422900519
082
_a
863.6/A11
100
_a
Abbott, James H.
245
0
_a
AzorÃn y Francia
250
_a
1ra.ed.
264
_b
Seminarios
942
_c
LIB
999
_c
7177
_d
7177